Guess the EPIC: The Musical song #6 - Statistics

General Stats
  • This quiz has been taken 64 times
  • The average score is 239 of 457
Answer Stats
Answer % Correct
a
91%
I
91%
you
84%
You
84%
the
82%
the...
82%
me.
80%
me
80%
me?
80%
so
80%
So
80%
who
80%
do
77%
your
77%
Your
77%
for
75%
go,
75%
I'm
75%
are
73%
is
73%
Is
73%
No
73%
god
70%
man
70%
what
70%
What
70%
and
68%
And
68%
he
68%
He
68%
in
68%
king.
68%
Ody's
68%
on
68%
be
66%
Father,
66%
know
66%
my
66%
of
66%
son!
66%
to
66%
To
66%
her
64%
her!
64%
did
61%
Did
61%
home,
61%
Now
61%
now
61%
now!
61%
Odysseus.
61%
Odysseus
61%
that
61%
that!
61%
ask
59%
door
59%
far
59%
free,
59%
friend!
59%
from
59%
it
59%
it.
59%
knocking,
59%
make
59%
not
59%
sirens
59%
them
59%
'them'?
59%
them,
59%
then
59%
Then
59%
They
59%
why
59%
Why
59%
Apollo!
57%
but
57%
But
57%
love
57%
Rarely
57%
were
57%
with
57%
Aphrodite!
55%
Ares!
55%
Ares...
55%
fan
55%
favors.
55%
game?
55%
game
55%
game!
55%
Hera!
55%
if
55%
If
55%
I'll
55%
was
55%
who's
55%
Who's
55%
all
52%
All
52%
friends
52%
he's
52%
He's
52%
him.
52%
him
52%
one
52%
Or
52%
save
52%
say?
52%
this...
52%
try
52%
Try
52%
Bring
50%
bring
50%
going
50%
his
50%
His
50%
like
50%
prisoner
50%
sing
50%
songs,
50%
wrong.
50%
catchy
48%
Convince
48%
each
48%
full
48%
gone,
48%
Greek?
48%
hopes
48%
intervention,
48%
let
48%
Let
48%
many
48%
More
48%
more
48%
release
48%
Release
48%
released,
48%
risk
48%
seek?
48%
shame,
48%
tell
48%
think
48%
thunder
48%
Thunder,
48%
under...
48%
well.
48%
Athena?
45%
broken
45%
Divine
45%
fight
45%
get
45%
heart.
45%
heart
45%
Hephaestus!
45%
Hold
45%
live
45%
miss
45%
mother,
45%
mother
45%
own
45%
should
45%
that's
45%
true,
45%
trying
45%
untie
45%
Very
45%
worse.
45%
worth
45%
another
43%
can
43%
die
43%
feel
43%
Fine,
43%
friendship
43%
has
43%
kind
43%
ought
43%
playing
43%
power,
43%
Scylla...
43%
they'll
43%
Trust
43%
verse.
43%
want
43%
apprehensions
41%
back
41%
caution
41%
coward
41%
day
41%
didn't
41%
Didn't
41%
failed
41%
first,
41%
forged.
41%
forget
41%
give
41%
Give
41%
given,
41%
Groovy.
41%
high
41%
it's
41%
placed
41%
Really,
41%
right
41%
support?
41%
those
41%
Alright!
39%
busy
39%
claims
39%
Eh...
39%
Eh.
39%
fighting!
39%
horse
39%
imprisoned.
39%
listen?
39%
little
39%
lover
39%
mighty
39%
Never
39%
reimburse
39%
she
39%
sick
39%
than
39%
cohort.
36%
Cyclops.
36%
decision,
36%
even
36%
felt
36%
good
36%
kill
36%
pain
36%
Please
36%
please.
36%
rot.
36%
sacrificed
36%
These
36%
tread
36%
tricks?
36%
weak
36%
betrayed
34%
build
34%
devoured?
34%
done!
34%
future
34%
Great.
34%
he'll
34%
holds
34%
mend!
34%
mind
34%
reconsider
34%
son's
34%
spiting
34%
still
34%
tongue
34%
bleed...
32%
heroes!
32%
Hides
32%
inside
32%
I've
32%
job
32%
old
32%
reason
32%
things
32%
Wait!
32%
while
32%
wife.
32%
wooden
32%
yours
32%
bloodshed?
30%
everybody
30%
front!
30%
Pathetic
30%
set
30%
tales!
30%
up
30%
got
27%
handles
27%
homestead,
27%
prevail.
27%
baby.
25%
genius.
25%
Hey,
25%
pretty
25%
skilled
25%
won!
25%
funny.
23%
harder.
23%
kinda
23%
release him.
23%
better
20%
cheated
20%
dare
20%
once
20%
words.
20%
defy
18%
played
18%
beats
16%
wins
16%
dead?..
14%
fall!
14%
makes
14%
kingdom
11%
Show
11%
through
11%
Wringer!
11%
call,
9%
judgement
9%
shamed?
9%
Let him go...
5%
No matching quizzes found
Score Distribution
Percent of People with Each Score
Percentile by Number Answered
Your Score History
You have not taken this quiz